[Event "3rd Memorial Warakomska 2019"]
[Site "Suwalki"]
[Date "2019.08.12"]
[Round "9.9"]
[White "Kosakowski, Jakub"]
[Black "Jakubowski, Krzysztof"]
[Result "1/2-1/2"]
[WhiteElo "2394"]
[BlackElo "2528"]
[Annotator "TA"]
[PlyCount "101"]
[EventDate "2019.08.05"]
[EventType "swiss"]
[EventCountry "POL"]
[SourceTitle "playchess.com"]
[Source "ChessBase"]
[SourceQuality "1"]

{[%evp 9,101,18,30,29,30,18,33,3,7,0,26,-10,-4,-13,-18,-4,0,1,0,-20,56,46,35,37,48,48,31,4,0,0,0,4,0,0,0,0,0,0,0,0,0,0,0,-8,-8,-8,-8,-8,0,0,0,0,0,0,0,0,0,0,0,0,0,0,0,0,0,0,0,0,0,0,0,0,0,0,0,0,0,0,0,0,0,0,0,0,0,0,0,0,0,0,0,0,0,0]} 1. e4 e5 2. Nf3 Nc6 3. Bc4 Bc5 4. O-O d6 5. c3 Bb6 6. a4 {C50: Hungarian Defence and Giuoco Pianissimo} a5 (6... Nf6 7. b4 a5 8. b5 Ne7 9. d3 O-O 10. Bg5 Ng6 11. Nbd2 h6 12. Be3 c6 13. Ba2 d5 14. Bxb6 Qxb6 15. exd5 cxd5 16. Re1 Re8 17. c4 e4 18. d4 exf3 19. Rxe8+ Nxe8 {0-1 (36) Polgar,J (2705)-Carlsen,M (2848) Mexico City 2012}) 7. Na3 $146 {[%cal Bb1a3,Ba3c2,Bc2e3,Be3c4][%mdl 32]} ({Predecessor:} 7. d3 h6 8. Be3 Ba7 9. Nbd2 Nf6 10. Qc2 g5 11. d4 g4 12. Ne1 exd4 13. cxd4 Nxd4 14. Bxd4 Bxd4 15. Bxf7+ {½-½ (38) Bledow,L-Von Heydebrand und der Lasa,T Berlin 1839}) 7... Qf6 8. Nc2 {White is slightly better.} Nge7 9. d3 Bg4 10. Ne3 Bxf3 11. Qxf3 Qxf3 12. gxf3 Rf8 13. Bb5 O-O-O 14. Nc4 d5 (14... Ba7 $11) 15. Nxb6+ (15. exd5 {feels hotter.} Nxd5 16. Bxc6 bxc6 17. Nxe5 Rde8 18. Nc4) 15... cxb6 16. f4 dxe4 17. dxe4 f5 18. exf5 Rxf5 {The position is equal.} 19. Be2 exf4 20. Bg4 {[#] And now Bxf4 would win.} g5 21. h4 h6 22. hxg5 hxg5 {Threatening ...Ne5.} 23. Re1 Kb8 24. Bxf5 Nxf5 25. Kf1 Nh4 26. Re4 Nf3 27. Ke2 Nce5 28. b4 axb4 29. cxb4 Nd4+ 30. Kf1 Nef3 31. Kg2 {[#] Black must now prevent Bb2.} Rh8 {( -> ...Rh2+)} 32. Rxd4 Nxd4 $11 {[%mdl 4096] Endgame KRB-KRN} 33. Bb2 f3+ 34. Kg3 Rh4 35. b5 Nb3 36. Ra3 Nc5 37. Bc1 Rxa4 38. Rxa4 Nxa4 39. Bxg5 {KB-KN} Nc3 40. Be3 Kc7 41. Bf4+ Kd7 42. Be3 Nxb5 43. Bxb6 Kc6 44. Be3 Kd5 {Threatens to win with ...Ke4.} 45. Kxf3 Nd4+ 46. Bxd4 Kxd4 47. Ke2 b5 48. Kd2 Ke4 49. Kc3 Kf3 50. Kb4 Kxf2 51. Kxb5 {Accuracy: White = 73%, Black = 82%.} 1/2-1/2

[Event "3rd Memorial Warakomska 2019"]
[Site "Suwalki"]
[Date "2019.08.12"]
[Round "9.10"]
[White "Goluch, Piotr"]
[Black "Zakhartsov, Viacheslav V."]
[Result "1/2-1/2"]
[WhiteElo "2386"]
[BlackElo "2518"]
[Annotator "TA"]
[PlyCount "112"]
[EventDate "2019.08.05"]
[EventType "swiss"]
[EventCountry "POL"]
[SourceTitle "playchess.com"]
[Source "ChessBase"]
[SourceQuality "1"]

{[%evp 18,112,14,13,20,6,16,24,54,17,9,8,22,-2,0,0,46,51,74,63,63,63,75,75,58,49,39,39,44,35,52,45,43,27,105,5,0,8,33,36,18,14,28,36,45,44,47,47,107,137,116,141,139,149,112,128,115,4,136,125,540,539,654,13,19,8,0,0,0,0,0,0,0,0,0,0,0,0,125,125,125,0,0,0,0,0,0,0,0,0,0,0,0,0,0,0,8]} 1. d4 Nf6 2. c4 g6 3. Nf3 Bg7 4. g3 d5 5. cxd5 Nxd5 6. Bg2 Nb6 7. Nc3 Nc6 8. e3 O-O 9. O-O Re8 10. Re1 a5 {D76: Fianchetto Grünfeld: Main Line with 7...Nb6} 11. Qe2 (11. Ng5 e5 12. d5 Nb4 13. e4 c6 14. a3 Na6 15. dxc6 Qxd1 16. Rxd1 bxc6 17. Bf1 h6 18. Be3 {½-½ (76) Gukesh,D (2533)-Safarli,E (2624) Brest 2019}) 11... Be6 12. Rd1 Nb4 {White has an edge.} 13. e4 $146 ({Predecessor:} 13. Nd2 c6 14. a3 N4d5 15. Nce4 Bf5 16. Nc5 e5 17. e4 exd4 18. Qf3 {½-½ (68) Goluch,P (2351)-Oglaza,O (2279) Lvov 2018}) 13... Bc4 $1 {[%cal Rc4e2]} 14. Qd2 a4 15. Ne1 e5 {[%cal Re5d4]} 16. d5 Qd6 17. Nc2 Bf8 18. Nxb4 Qxb4 19. Qc2 $1 Qa5 20. Be3 Bc5 21. Bxc5 Qxc5 22. Rac1 Qb4 23. h4 c6 24. h5 Rad8 25. h6 cxd5 (25... Rd6 $11) 26. Nxd5 ({Better is} 26. exd5 $16 f5 27. d6) 26... Bxd5 $11 27. exd5 Rc8 28. Qe2 Qd6 29. Qb5 f5 30. Rc3 Kf7 31. Rdc1 Rxc3 32. bxc3 $40 {[%mdl 128] Strongly threatening c4. White mounts an attack.} e4 ({Black should play} 32... Rc8 $1 $14) 33. c4 $16 {[%cal Bc3c4,Bc4c5][%mdl 32] Black must now prevent c5.} e3 34. c5 $1 {[%cal Rc5d6]} exf2+ 35. Kxf2 Qe5 {[#]} 36. Qd3 $1 (36. Rb1 Qd4+ 37. Kf1 Nc4 $19) 36... Nd7 37. d6 (37. Qd2 $16) 37... Qb2+ {[#]} (37... Kf6 $11 {remains equal.}) 38. Rc2 $1 {[%cal Rc2b2]} Qb1 $2 {[%mdl 8192]} (38... Qb4 $16 39. Bf3 Kf6) 39. Qc4+ $18 Kf6 {( -> ...Qe1+)} 40. Qc3+ $2 (40. Qd4+ $18 Re5 41. Re2) 40... Re5 $1 $11 41. Rb2 Qa1 $1 42. c6 bxc6 43. Bxc6 {Qd2 is the strong threat.} a3 $1 44. Rc2 Qxc3 45. Rxc3 Rc5 46. Rxc5 Nxc5 {[%mdl 4096] Endgame KB-KN} 47. Bd5 Ne6 (47... Ke5 $11 {keeps the balance.} 48. Bg8 Ne4+ 49. Ke2 Nxd6 50. Bxh7 Nf7) 48. d7 $16 {Threatens to win with Bxe6.} Nd8 49. Bg8 (49. Ke3 $16) 49... Kg5 $11 {The position is equal.} 50. Bxh7 Kxh6 51. Bg8 Kg7 52. Bb3 Kf6 53. Ke3 Ke5 54. Kd3 Kd6 55. Ba4 Ne6 56. Kc4 g5 {Accuracy: White = 60%, Black = 44%.} 1/2-1/2

[Event "3rd Memorial Warakomska 2019"]
[Site "Suwalki"]
[Date "2019.08.12"]
[Round "9.11"]
[White "Hnydiuk, Aleksander"]
[Black "Matviishen, Viktor"]
[Result "1/2-1/2"]
[WhiteElo "2412"]
[BlackElo "2495"]
[Annotator "TA"]
[PlyCount "137"]
[EventDate "2019.08.05"]
[EventType "swiss"]
[EventCountry "POL"]
[SourceTitle "playchess.com"]
[Source "ChessBase"]
[SourceQuality "1"]

{[%evp 25,137,19,42,33,37,-21,-21,-15,-13,-62,-27,-33,-33,-31,-31,-30,-30,-46,-63,-88,-86,-79,-60,-106,-106,-106,-106,-104,-95,-104,-100,-96,-99,-97,-90,-103,-94,-94,-45,-68,-8,-110,-106,-121,-118,-110,-77,-91,-66,-159,-159,-145,-143,-122,-127,-152,-159,-116,-137,-197,-21,-20,-27,-317,-347,-282,-138,-519,-522,-600,-557,-722,-700,-673,-678,-3787,-2641,-2389,-2445,-1976,-1912,-29979,-29980,-29981,-29982,-29982,-29983,-29983,-29984,-29984,-29985,-29985,0,-29984,-29985,-29985,-29986,-29986,-29987,-29987,-134,-134,-134,-134,-134,-135,-134,-134,0,-136,-134,-134,0,-150]} 1. d4 Nf6 2. c4 e6 3. g3 c5 4. Nf3 cxd4 5. Nxd4 d5 6. Bg2 e5 7. Nf3 d4 8. O-O Nc6 9. e3 Be7 10. exd4 exd4 11. Bf4 O-O 12. Ne5 Nxe5 13. Bxe5 Bc5 14. Nd2 {E01: Catalan: Early deviations} Nd7 (14... Ng4 15. Bf4 g5 16. Nb3 gxf4 17. Nxc5 fxg3 18. hxg3 Qd6 19. Ne4 Qh6 20. Re1 Be6 21. Qxd4 Rad8 22. Qc5 f5 23. Nc3 Rc8 24. Qe7 Qh2+ 25. Kf1 Bxc4+ {0-1 (37) Gelfand,B (2729)-Inarkiev,E (2702) Nazran 2017}) 15. Nb3 (15. Bf4 $14) 15... Nxe5 $11 16. Nxc5 Bg4 17. Qb3 Rc8 $146 (17... Qc7 $5 {[%cal Rc7c5]} 18. Ne4 Qxc4 $15) ({Predecessor:} 17... Be2 18. Rfe1 Bxc4 19. Qxb7 Qd6 20. Ne4 Qh6 21. b3 Ba6 {1-0 (39) Hladik,J (2185)-Yevseev,D (2395) Pardubice 1996}) 18. Nd3 $1 {[%cal Rd3e5]} Nxc4 19. Rfc1 Na5 20. Rxc8 Bxc8 21. Qb4 Re8 22. Re1 Rxe1+ 23. Qxe1 g6 24. Qe5 Bf5 $1 {[%cal Rf5d3]} 25. Be4 Nc6 26. Qf4 Bxe4 27. Qxe4 Qa5 28. a3 Kg7 29. h4 Qd2 30. Kg2 f5 31. Qf3 Qa5 32. h5 Qc7 (32... Kf6 $15) 33. Nc5 (33. hxg6 $11 {remains equal.} hxg6 34. Qd5) 33... Nd8 $1 $17 34. Qd5 Qc6 $36 {[%mdl 2048] White is under strong pressure.} 35. Qxc6 bxc6 (35... Nxc6 {looks sharper.} 36. hxg6 b6 37. Ne6+ Kxg6 38. Kf3 Kf6) 36. hxg6 hxg6 {[%mdl 4096] Endgame KN-KN} 37. Kf3 (37. Nb3 $15) 37... Kf6 38. Ke2 Ke5 $1 39. Kd3 Kd5 40. b4 Nf7 $1 41. f4 Nd6 {And now ...Ne4 would win.} 42. Nb3 (42. Na6 $17 {keeps fighting.} Ne4 43. Nc7+ Kd6 44. Na6) 42... Ne4 $2 ({Better is} 42... Nb5 $1 $19 43. a4 Nc3) 43. Nxd4 $11 Nxg3 44. b5 $2 {[%mdl 8192] [#]} (44. Nf3 $11) 44... cxb5 $1 $19 45. Nxb5 {[#]} Nh5 (45... a5 $1 $19 {and Black stays clearly on top.} 46. Nc3+ Kc5 47. Na4+ Kc6) 46. Nc3+ $2 {[%mdl 8192]} (46. Nxa7 $17 {nothing else works.} Nxf4+ 47. Ke3) 46... Kc5 47. Ne2 Nf6 48. Kc3 Nd5+ 49. Kb3 a6 50. Ka4 Kc4 51. Ka5 Kd3 52. Ng1 Nxf4 53. Kxa6 g5 54. a4 g4 55. a5 Nd5 56. Kb5 f4 57. Kc5 Nc7 58. Kb6 Nd5+ 59. Kc5 $1 f3 60. Nxf3 gxf3 {KN-KP} 61. a6 f2 62. a7 f1=Q $2 (62... Nc7 {mates} 63. Kb6 Na8+ 64. Kb7 f1=Q 65. Kxa8 Kc4 66. Kb8 Qf8+ 67. Kb7 Qf7+ 68. Kc6 Qxa7 69. Kd6 Qe3 70. Kc7 Qe7+ 71. Kc6 Qd8 72. Kb7 Kc5 73. Ka7 Kc6 74. Ka6 Qb6#) 63. a8=Q $17 {Threatens to win with Qa6+.} Qf2+ 64. Kc6 Qf6+ 65. Kc5 Qd4+ 66. Kc6 Qf6+ 67. Kc5 Qe7+ 68. Kc6 Qf6+ 69. Kc5 {Accuracy: White = 37%, Black = 54%.} 1/2-1/2

[Event "3rd Memorial Warakomska 2019"]
[Site "Suwalki"]
[Date "2019.08.12"]
[Round "9.12"]
[White "Pavlov, Sergey"]
[Black "Grib, Roman"]
[Result "1-0"]
[WhiteElo "2486"]
[BlackElo "2421"]
[Annotator "TA"]
[PlyCount "107"]
[EventDate "2019.08.05"]
[EventType "swiss"]
[EventCountry "POL"]
[SourceTitle "playchess.com"]
[Source "ChessBase"]
[SourceQuality "1"]

{[%evp 11,115,7,7,0,14,16,14,26,41,40,41,35,45,33,62,49,52,38,47,0,0,0,48,38,89,89,79,81,117,103,112,110,144,136,144,139,153,152,134,136,133,145,167,174,227,220,225,224,271,260,250,252,271,271,256,228,261,218,228,185,185,185,185,185,404,403,381,211,168,0,403,403,388,371,366,362,1435,1070,1829,1815,1512,1435,1433,1304,5820,5595,29945,9297,29947,12790,29963,29951,29964,6699,6095,5616,29976,12797,29983,29984,29984,29985,29985,29985,29993,29994]} 1. c4 e5 2. Nc3 Nf6 3. Nf3 Nc6 4. e3 Bb4 5. Qc2 Bxc3 6. Qxc3 Qe7 7. b3 {A28: English Opening: Four Knights Variation} d5 8. d4 exd4 9. Nxd4 {The position is equal.} Nxd4 10. Qxd4 c5 11. Qf4 O-O 12. Bb2 Rd8 $146 ({Predecessor:} 12... d4 13. O-O-O dxe3 14. Re1 Qe4 15. Qxe3 {½-½ (40) Svidler,P (2753)-Navara,D (2741) Biel 2018}) 13. O-O-O Be6 14. Qe5 {Hoping for cxd5.} Kf8 15. Be2 dxc4 16. bxc4 Bd7 17. Bf3 Ba4 ({Better is} 17... Be6 $14) 18. Qxe7+ $1 $16 Kxe7 19. Bxf6+ $1 ({Inferior is} 19. Bxb7 Rxd1+ 20. Rxd1 Rb8 $17) 19... gxf6 20. Rxd8 (20. Bxb7 Rxd1+ 21. Rxd1 Rb8 $17) 20... Rxd8 21. Bxb7 {[%mdl 4096] Endgame KRB-KRB} Rd3 22. Be4 $1 {[%cal Re4d3]} Rc3+ 23. Kb2 Rxc4 24. Bxh7 Rb4+ 25. Kc3 Bc6 26. f3 Bd5 27. Bc2 Bxa2 (27... Rc4+ $142 28. Kd2 Rh4) 28. Ra1 $18 Be6 29. Rxa7+ Kd6 30. Ra6+ Ke7 31. g4 Rb8 {Now ...Rh8 and Black clings on.} 32. h4 Kf8 33. Rc6 c4 34. Ra6 Kg7 35. Ra5 Rh8 36. h5 Rd8 37. Ra7 Bd5 $2 (37... Rd6 {is a better defense.} 38. Ra1 Kh6) 38. f4 Re8 39. Kd4 (39. Bf5 $142) 39... Rd8 40. Kc3 $2 (40. Kc5) 40... Re8 $1 41. Bf5 Be6 {[#]} 42. Bxe6 $1 Rxe6 {KR-KR} 43. Kd4 ({And not} 43. Kxc4 Rxe3 44. Kd4 Rg3 $11) 43... f5 $2 (43... Rc6 44. Ra4 c3) 44. gxf5 Rc6 45. Kc3 Rh6 46. Ra5 Kh7 47. Kxc4 Rxh5 48. Kd4 Rh6 49. e4 Rf6 50. Ke3 (50. Ra7 $142 Kg8 51. Kd5 Kf8 52. Rc7 Ra6 53. e5 Ke8 54. e6 f6 55. Rf7 Ra5+ 56. Ke4) 50... Kg7 51. Kf3 Rb6 52. e5 (52. Ra7 $142 Kf8 53. e5 Rb3+ 54. Kg4 Ke8 55. Ra8+ Kd7 56. e6+ {[%mdl 64] Promotion} fxe6 57. f6) 52... Rb3+ 53. Kg4 Rb6 54. f6+ {Played: Ra5-a7} 1-0

[Event "3rd Memorial Warakomska 2019"]
[Site "Suwalki"]
[Date "2019.08.12"]
[Round "9.13"]
[White "Janik, Igor"]
[Black "Lewtak, Damian"]
[Result "0-1"]
[WhiteElo "2495"]
[BlackElo "2354"]
[Annotator "TA"]
[PlyCount "108"]
[EventDate "2019.08.05"]
[EventType "swiss"]
[EventCountry "POL"]
[SourceTitle "playchess.com"]
[Source "ChessBase"]
[SourceQuality "1"]

{[%evp 12,108,32,16,21,16,20,17,39,0,53,41,29,30,68,55,66,59,62,89,85,-25,-9,-27,20,25,41,37,44,35,58,57,64,64,64,64,69,69,69,69,73,35,85,64,74,38,50,48,66,49,84,72,143,118,216,80,85,83,121,124,302,35,32,24,77,17,97,83,95,0,0,0,0,-85,-92,-143,-130,-134,-137,-136,-137,-154,-166,-639,-626,-789,-758,-930,-927,-915,-914,-2302,-1852,-29984,-29985,-29985,-29986,-29986,-29987]} 1. d4 Nf6 2. c4 e6 3. Nc3 d5 4. cxd5 Nxd5 5. e4 Nxc3 6. bxc3 c5 7. Rb1 Be7 {D35: Queen's Gambit Declined: Exchange Variation} 8. Bb5+ (8. Nf3 O-O 9. Bc4 a6 10. a4 Qc7 11. Bd3 Nc6 12. O-O cxd4 13. cxd4 Nb4 14. Ba3 Nxd3 15. Qxd3 Bxa3 16. Qxa3 {½-½ (33) Akobian,V (2625)-Dominguez Perez,L (2739) Saint Louis 2019}) 8... Nd7 9. Nf3 O-O {The position is equal.} 10. O-O Qc7 (10... a6 $11 11. Bd3 b5) 11. Re1 a6 $146 ({Predecessor:} 11... Rd8 12. Bd3 Nf8 13. Qe2 b6 14. h4 Bb7 {1-0 (40) Pritchett,C (2288)-Stevenson,J (2089) Oban 2005}) 12. Bd3 c4 13. Bc2 e5 $1 14. a4 Rd8 15. Qe2 Rb8 16. Bg5 (16. Rd1 $16) 16... Bxg5 $1 $11 17. Nxg5 Nf8 18. d5 h6 19. Nf3 $36 {[%mdl 2048] White has some pressure.} Bg4 20. Rb4 Bxf3 21. Qxf3 a5 22. Rb5 b6 23. Reb1 Rd6 24. Bd1 Nd7 25. Qe2 Nf6 26. Qc2 Nd7 27. Be2 g6 28. g3 Kg7 29. Qa2 Nf6 30. f3 ({Stronger than} 30. Qxc4 Qxc4 31. Bxc4 Nxe4 $17) (30. Bxc4 Nxe4 31. Qe2 Nd2 $15) 30... Rc8 31. Bf1 Ne8 (31... Rh8 $142) 32. Qb2 {[%cal Rb5b6]} Qd7 (32... Rb8 $16 {might work better.} 33. Rxa5 Rf6) 33. Qf2 (33. Rxb6 $18 {is more deadly. And now Rb7 would win.} Qe7 34. Rb7) 33... Rf6 $16 34. Qe3 g5 35. Rxb6 Qxa4 $2 {[#]} (35... Nd6 $16 36. Kh1 Qxa4) 36. Rxf6 $2 ({Only move:} 36. f4 $1 $18 {[%mdl 512]}) 36... Nxf6 $14 37. Bh3 Re8 (37... Ra8 $11 {keeps the balance.}) 38. Qd2 ({White should try} 38. Qe2 $1 $16) 38... Rd8 (38... Qa3 $11) 39. Bf5 $16 Qe8 40. h4 (40. f4 $16 g4 41. h3) 40... gxh4 $11 41. gxh4 {Threatens to win with Kh1.} Rb8 42. Ra1 {[#]} (42. Rxb8 $11 {remains equal.} Qxb8 43. d6) 42... Nh5 $1 $17 43. Kh2 ({Not} 43. Rxa5 $2 Rb1+ 44. Kh2 {[#]} Qd8 $1 $19 {[%mdl 512]}) (43. Qg2+ $142 Kh8 44. Kh1 (44. Rxa5 Qd8 $15)) 43... Nf4 44. Rg1+ Kh8 45. d6 Qd8 46. Rg4 a4 {[%cal Ba5a4,Ba4a3][%mdl 32] aiming for ...a3.} 47. Rxf4 $2 (47. d7 Qb6 48. Rxf4 exf4 49. Qxf4) 47... a3 $19 48. Kh3 {Black must now prevent Rg4.} exf4 {[%mdl 4096] Endgame KQR-KQB} 49. d7 Qf6 50. Bg4 Kg7 51. e5 Qxe5 52. d8=Q Rxd8 {Black mates.} 53. Qxd8 a2 54. Qa8 Qe1 {Accuracy: White = 40%, Black = 48%.} 0-1

[Event "3rd Memorial Warakomska 2019"]
[Site "Suwalki"]
[Date "2019.08.12"]
[Round "9.14"]
[White "Dhulipalla Bala Chandra Prasad"]
[Black "Sharankov, Grigory"]
[Result "1-0"]
[WhiteElo "2419"]
[BlackElo "2221"]
[Annotator "TA"]
[PlyCount "111"]
[EventDate "2019.08.05"]
[EventType "swiss"]
[EventCountry "POL"]
[SourceTitle "playchess.com"]
[Source "ChessBase"]
[SourceQuality "1"]

{[%evp 11,111,-4,0,0,14,4,16,16,22,22,26,14,20,27,17,0,37,29,40,30,54,64,63,52,68,41,53,55,65,63,43,57,48,44,76,0,0,0,100,62,63,17,76,60,41,33,43,47,40,11,158,83,92,79,81,76,195,191,176,155,202,208,168,163,196,202,186,133,143,132,193,125,135,46,118,117,101,103,143,140,135,129,194,152,302,296,420,408,750,717,1214,1227,939,803,2767,2105,4562,4562,2261,1464,2439,2355]} 1. d4 d5 2. c4 e6 3. Nf3 Nf6 4. g3 Bb4+ 5. Bd2 Be7 6. Bg2 c6 7. O-O {E11: Bogo-Indian} b6 8. Bf4 Nbd7 9. cxd5 $146 {The position is equal.} ({Predecessor:} 9. Qc2 Ba6 10. b3 O-O 11. Rd1 Rc8 12. Nbd2 Nh5 13. Be5 Nhf6 14. Bf4 Nh5 15. Be5 Nhf6 16. Bf4 Nh5 {½-½ (16) Postny,E (2658)-Fedorchuk,S (2635) Bol 2015}) 9... exd5 10. Ne5 Bb7 11. Qc2 Nxe5 12. dxe5 Nd7 13. Rd1 Nc5 14. Be3 O-O 15. Nc3 a5 16. Rac1 Qb8 17. Bd4 Ne6 18. Bxb6 Qxe5 19. e4 {[%cal Re4d5]} d4 20. Na4 c5 21. f4 (21. Nxc5 $2 Bxc5 22. Bxc5 Rac8 $19) 21... Qh5 22. e5 (22. Nxc5 $2 Rac8 $19) (22. Bxc5 $2 Bxc5 23. Nxc5 Rac8 $19) 22... Rab8 23. Bxb7 (23. Bxa5 Bxg2 24. Kxg2 Ra8 $17) (23. b3 $16) 23... Rxb7 $11 24. b3 Rd7 (24... Rfb8 $11 {remains equal.}) 25. Qe4 {And now Qc6 would win.} (25. Nxc5 $2 Nxc5 26. Qc4 (26. Bxc5 $2 Rc8 $19) 26... Qf3 $19) 25... Qg4 26. Rd3 Ng5 (26... f6 $11) 27. Qg2 $16 Nh3+ 28. Kh1 f6 $1 29. exf6 Bxf6 30. Qf3 (30. Rxc5 Re8 $17) (30. Nxc5 Re7 $16) 30... Re8 (30... h5 $1 $11 {keeps the balance.}) 31. Qxg4 (31. Nxc5 $142 Rde7 32. Qxg4 (32. Bxa5 Qf5 $11) 32... Nf2+ 33. Kg1 Nxg4 34. h3 (34. Bxa5 Re2 $16)) 31... Nf2+ 32. Kg1 Nxg4 33. h3 ({Reject} 33. Rxc5 $6 Rde7 $11) (33. Bxc5 Re2 $11) 33... Nh6 (33... Ne3 $16 {keeps fighting.}) 34. Nxc5 $18 Rde7 35. Bxa5 g5 36. fxg5 Bxg5 37. Bd2 Bxd2 38. Rxd2 Nf5 39. Rf1 ({White should play} 39. Rd3 $18) 39... Nxg3 $16 40. Rf3 Ne2+ (40... Re1+ $16 41. Kg2 Ne4 42. Nxe4 R8xe4) 41. Kg2 ({Better is} 41. Kf1 $18) 41... Re3 42. Nd7 (42. h4 $16) 42... Kg7 (42... Kh8 $14) 43. Nf6 R8e6 44. Nd5 R3e5 45. Nf4 Nxf4+ 46. Rxf4 {[%mdl 4096] Endgame KRR-KRR} Rg5+ (46... Re2+ $16 47. Rxe2 Rxe2+ 48. Rf2 Re1) 47. Rg4 Rxg4+ (47... Kf6 $16 {was necessary.} 48. b4 (48. Rdxd4 Rxg4+ 49. hxg4 Re2+ 50. Kf3 Rxa2 $16) 48... Rxg4+ 49. hxg4 Rd6) 48. hxg4 {KR-KR} Re3 (48... Kf6 $142 49. Kf3 (49. Rxd4 Re2+ 50. Kf3 Rxa2 $16) 49... Rb6 50. Rxd4 Ke5) 49. Rxd4 $18 Re2+ (49... Kf6 $142 50. Rd2 Ke5) 50. Kf3 {White is clearly winning.} Rxa2 {[#]} 51. Ke4 $1 Kf6 {[#]} 52. Kd5 $1 Ra8 53. Re4 Ra5+ 54. Kc6 Ra3 55. b4 Ra4 56. Kd5 {Accuracy: White = 67%, Black = 31%.} 1-0

[Event "3rd Memorial Warakomska 2019"]
[Site "Suwalki"]
[Date "2019.08.12"]
[Round "9.15"]
[White "Kulon, Klaudia"]
[Black "Barski, Radoslaw"]
[Result "1-0"]
[WhiteElo "2331"]
[BlackElo "2468"]
[Annotator "TA"]
[PlyCount "79"]
[EventDate "2019.08.05"]
[EventType "swiss"]
[EventCountry "POL"]
[SourceTitle "playchess.com"]
[Source "ChessBase"]
[SourceQuality "1"]

{[%evp 10,79,4,-6,10,-10,-8,-28,-10,-16,-14,-20,0,0,0,-4,0,-6,20,-10,0,0,18,29,37,0,15,-20,0,-6,-13,-28,-17,-23,-21,-55,-53,-56,-34,-54,-22,-75,-66,-84,-83,-68,-18,-39,-42,-69,-3,-18,0,-25,0,0,0,0,35,30,30,43,544,0,493,493,485,469,604,568,523,433]} 1. d4 d5 2. Bf4 Nf6 3. e3 c5 4. c3 Nc6 5. Nd2 e6 6. Bd3 Be7 {D00: 1 d4 d5: Unusual lines} (6... Bd6 7. Bxd6 Qxd6 8. f4 Bd7 9. a3 Ne7 10. Ngf3 Qb6 11. Rb1 Bb5 12. Bxb5+ Qxb5 13. Qe2 Qxe2+ 14. Kxe2 Rc8 {1-0 (58) Duda,J (2717)-Dziuba,M (2584) Katowice 2017}) 7. Bg3 O-O 8. f4 g6 $146 {Black has an edge.} ({Predecessor:} 8... cxd4 9. exd4 a6 10. Ngf3 g6 11. Be2 Nh5 12. Ne5 Nxg3 13. hxg3 {0-1 (40) Traverso,L-Pelaez,D (1672) Montevideo 2019}) 9. Ngf3 Nh5 10. Bf2 f6 11. O-O b6 12. a3 a5 13. Qe2 Bd6 14. Rfd1 Bd7 15. Bb5 cxd4 16. cxd4 a4 17. Rac1 Na5 18. Rc3 (18. Bd3 {is interesting.} Rb8 19. Bh4 Ng7 20. g4 b5 21. g5) 18... Qe8 19. Bxd7 Qxd7 20. Rdc1 b5 {[%cal Bb6b5,Bb5c4][%mdl 32]} 21. g3 Nc4 22. Nxc4 bxc4 23. e4 Ng7 24. e5 fxe5 25. Nxe5 (25. dxe5 $11 {keeps the balance.} Bc7 26. Kg2) 25... Bxe5 $17 26. fxe5 Rab8 27. g4 Rf4 28. Be3 Re4 29. Rf1 Qe7 (29... Qb7 $15 30. Rf2 h5) 30. h3 Rf8 31. Rcc1 Rxf1+ 32. Rxf1 Qh4 33. Qf3 $36 {[%csl Gf1][%cal Rf3f8][%mdl 2048] [#] White fights for an advantage.} h6 (33... h5 $5 {[%cal Rh5g4]} 34. Bh6 Kh7 35. Bxg7 hxg4 $11) 34. Kg2 {And now Qf8+ would win.} Kh7 35. Qf6 g5 $2 {[%mdl 8192]} (35... Qxf6 $14 36. exf6 e5) 36. Bf2 $2 ({White has to play} 36. Qf3 $18) 36... Re2 $2 {[%mdl 8192] [#]} (36... Rxg4+ $1 $11 {and Black stays safe.} 37. hxg4 Qxg4+ 38. Bg3 Nf5) 37. Qf3 $1 $18 {[%cal Rf3e2] White is clearly winning.} Rxb2 {next ...h5 is good for Black.} 38. Kg1 Rxf2 39. Rxf2 h5 40. Kg2 {Accuracy: White = 42%, Black = 41%.} 1-0